Science Quiz

Random Science Quiz

Emotional Brain 1 Quiz Stats

 Plays Quiz not verified by Sporcle

Also try: Click-A-Bear Blitz
Challenge
Share
Tweet
Embed
Score 0/16 Timer 20:00
0 Plays Today
Hint Answer % Correct
????
100%
????
91.2%
????
91.2%
????
80.5%
????
65.9%
????
55.2%
????
47.1%
????
47.1%
Hint Answer % Correct
????
44.8%
????
44.5%
????
36%
????
30.2%
????
18.8%
????
14.9%
????
10.4%
????
10.4%

You're not logged in!

Compare scores with friends on all Sporcle quizzes.
Join for Free
OR
Log In

You Might Also Like...

Show Comments

Extras

Created Apr 4, 2014ReportFavoriteNominate
Tags:brain, emotion

Top Quizzes Today


Score Distribution

Your Account Isn't Verified!

In order to create a playlist on Sporcle, you need to verify the email address you used during registration. Go to your Sporcle Settings to finish the process.

Report this User

Report this user for behavior that violates our Community Guidelines.

Details: